| 000 | 01680nam0a2200325 4500 | ||
|---|---|---|---|
| 001 | RU\NLR\bibl\59107 | ||
| 005 | 20260405075317.0 | ||
| 021 |
_aRU _b98-33361 _91584 |
||
| 035 | _a(NLR Aleph) 000057637 | ||
| 090 |
_a312377 _c312377 |
||
| 100 | _a19991117d1998 |||y0rusy50 ca | ||
| 101 | 0 | _arus | |
| 102 | _aRU | ||
| 105 | _aa ||||||||| | ||
| 200 | 1 |
_aИсследование кинетических констант разрушения фенолформальдегидных композиционных материалов _eВ.И. Климов, Д.В. Алексеев _fПод ред. акад. РАИН П.В. Егорова _gАкад. инж. наук. Кузбас. науч. центр |
|
| 210 |
_aКемерово _cАкад. инж. наук _d1998 |
||
| 215 |
_a127 с. _cил. _d20 |
||
| 320 | _aБиблиогр.: с. 118-127 (83 назв.) | ||
| 606 | 0 |
_aКомпозитные материалы на основе фенольно-формальдегидных смол _xРазрушение _92088660 _3RU\NLR\auth\661264418 |
|
| 606 | 0 |
_aКомпозиционные материалы на основе фенольно-формальдегидных смол _xРазрушение _92148231 _3RU\NLR\auth\661294013 |
|
| 686 | _aЛ719.23-106.2 | ||
| 700 | 1 |
_aКлимов _bВ. И. _gВячеслав Иванович _4070 |
|
| 701 | 1 |
_4070 _8rus _7ca _aАлексеев _bД. В. _cд-р техн. наук _gДмитрий Валентинович _3RU\NLR\auth\7726883 _99921 |
|
| 801 | 0 |
_aRU _bNLR _c19991117 _gPSBO |
|
| 801 | 1 |
_aRU _bNLR _c19991117 |
|
| 830 | _aавт.по кн. | ||
| 852 |
_aNLR _j99-3/17445 |
||
| 942 | _cBOOK | ||
| 980 | _aNB | ||